Adenauer : eine deutsche Legende : Biographie / Wilhelm von Sternburg
Record details
- ISBN: 3-7466-1714-6
- Physical Description: 233 s., [16] s. čb. obr. příl. : čb. il., portréty
- Edition: 2. Aufl.
- Publisher: Berlin : Aufbau Taschenbuch Verlag, 2005
Content descriptions
| General Note: | Obsahuje rejstřík |
Available copies
- 1 of 1 copy available at Common Catalog SPOK.
Holds
- 0 current holds with 1 total copy.
Show Only Available Copies
| Location | Call Number / Copy Notes | Barcode | Shelving Location | Status | Due Date |
|---|---|---|---|---|---|
| Terezin Initiative Institute | 5005 | 4594305005 | Knihovna ITI | Available | - |
| LDR | 01203nam a2200361 a 4500 | ||
|---|---|---|---|
| 001 | 27913 | ||
| 003 | CZ-PrJAB | ||
| 005 | 20230123091803.0 | ||
| 008 | 100202s2005 gw gr 0 ger | ||
| 020 | . | ‡a3-7466-1714-6 | |
| 035 | . | ‡a(CONS)2735 | |
| 035 | . | ‡a(CZ PrSKC)000471660 | |
| 040 | . | ‡aPNA001 ‡bcze | |
| 080 | . | ‡a32-051 ‡2MRF | |
| 080 | . | ‡a(430) ‡2MRF | |
| 080 | . | ‡a929 ‡2MRF | |
| 080 | . | ‡a82-94 ‡2MRF | |
| 100 | 1 | . | ‡aSternburg, Wilhelm von, ‡d1939- ‡7ola2003175009 ‡4aut |
| 245 | 1 | 0. | ‡aAdenauer : ‡beine deutsche Legende : Biographie / ‡cWilhelm von Sternburg |
| 246 | 3 | . | ‡aAdenauer - Biographie |
| 246 | 3 | . | ‡aAdenauer - eine deutsche Legende |
| 246 | 3 | . | ‡aDeutsche Legende - Adenauer - Biographie |
| 250 | . | ‡a2. Aufl. | |
| 260 | . | ‡aBerlin : ‡bAufbau Taschenbuch Verlag, ‡c2005 | |
| 300 | . | ‡a233 s., [16] s. čb. obr. příl. : ‡bčb. il., portréty | |
| 500 | . | ‡aObsahuje rejstřík | |
| 852 | 4 | . | ‡bJACH-ITI ‡bJACH-ITI ‡cKnihovna ITI ‡j5005 ‡p5005 ‡y$0.00 |
| 910 | . | ‡aABE340 ‡b5005 | |
| 995 | . | ‡askok | |
| 901 | . | ‡a27913 ‡bISxN ‡c27913 ‡tbiblio | |